000 01252 a2200229 4500
001 24056
005 20260407155526.0
008 260407a2013 arg spa d
003 AR-UNSa-BCEJYS
040 _aAR-UNSa-BCEJYS
_bspa
_cAR-UNSa-BCEJYS
080 _a316.42
_xCambio social en sociedades globales. Desarrollo social. Sociología del desarrollo (Desarrollo Humano)
245 1 0 _aInforme nacional sobre desarrollo humano 2013
_pArgentina en un mundo incierto: Asegurar el desarrollo humano en el siglo XXI
020 _a978-987-1560-47-9
264 1 _aBuenos Aires :
_bPNUD
_c2013
300 _a149 p.
_c29 cm.
505 _a1. Los logros del desarrollo humano en Argentina - 2. Tendencias globales de un mundo incierto: oportunidades y desafíos para el desarrollo humano - 3. Capital humano para el desarrollo y la igualidad - 4. Innovación productiva para un cambio estructural - 5. Inserción internacional inteligente para la globalización
041 _aspa
942 _cBK
590 _aniveau_biblio:m niveau_hierar:0
100 1 _aPrograma de las Naciones Unidas para el Desarrollo (PNUD)
856 4 1 _uhttps://biblioeco.unsa.edu.ar/pmb/images/libros/Informe Nacinal sobre Desarrollo Humano 2013.jpg
_yImagen de portada
_qimage/jpeg
999 _c1156
_d1156